| 000 | 00716nam a22002417i 4500 | ||
|---|---|---|---|
| 003 | URS | ||
| 005 | 20220114152852.0 | ||
| 008 | 180201b xxu||||| |||| 00| 0 eng d | ||
| 020 | _a9710412600 | ||
| 040 |
_erda _cURSP-College Library _beng |
||
| 050 |
_aBF139 _b150 F85g 2014 |
||
| 100 | 1 | _aFrando, Milagros F. | |
| 245 | _aGeneral psychology simplified | ||
| 264 | 1 |
_aMandaluyong City _bBooks Atbpages Pub. Corpages _c2014. |
|
| 300 |
_ax, 251 pages _billustrations _c22cm |
||
| 336 |
_atext _btxt _2rdacontent |
||
| 337 |
_aunmediated _bn _2rdamedia |
||
| 338 |
_avolume _bnc _2rdacarrier |
||
| 500 | _aIncludes index and references | ||
| 650 | 0 | _aPsychology. | |
| 700 | 1 | _aMores, Elmerando T. | |
| 942 |
_cF _2lcc |
||
| 999 |
_c7755 _d7755 |
||